MDQL
is popping MORE tags! Check the
thread
!
Quizzes
Events
Quiz Creation
Community
Videos
Private Events
Remove Ads
Sign In
Join for FREE
Feedback
Dark Mode
Quiz Categories
Sports
Geography
Music
Movies
Television
Just For Fun
Miscellaneous
History
Literature
Language
Science
Gaming
Entertainment
Religion
Holiday
For Kids
Quiz Lab
Recent
Popular Today
Quiz Kudos Today
Editor Picks
Curator Picks
Quizzes by...
Day
Popularity
Type
Ratings
Length
Year
Community
Subscriptions
Recent Discussions
Orange Saloon
Badges
Playlists
Quests
Create
Leaderboards
Showdown
Live 5
Trivia Bingo
Activity
Puzzle Library
Sporcle Events
Private Events
Virtual Trivia
Globe League
Become a Host
Pub Owners
SporcleCon
Opinionation
Our Games
Videos
Blog
Mobile Apps
Partnerships
Remove Ads and Go Orange
Feedback
Television
TV Characters
TV Show
Sitcom
Network
Friends
Reality Shows
Cast
South Park
Star Trek
The Simpsons
Doctor Who
Television
TV Characters
TV Show
Sitcom
Network
Friends
Reality Shows
Cast
South Park
Star Trek
The Simpsons
Doctor Who
Random Quiz
Search Sporcle
×
Quiz Lab
Quiz Lab
Television
Animation
Type in answers that appear in a list
Type in answers that appear in a list
Classic
Best Score? Go Orange.
South Park Stats
Can you name the answers for these South Park Hints?
By
ac44
10m
24 Questions
437 Plays
437 Plays
437 Plays
Comments
Comments
Give Quiz Kudos
Give Quiz Kudos
-
- Ratings
hide this ad
Replay
Link that replays current quiz
Next Quiz
Link to next quiz in quiz playlist
You Got
0%
They Got
Avg Score
80%
Avg Friend Score
Upgrade to see
Score Distribution
Jump to the score distribution portion of the page
Score
0/24
Timer
10:00
0
Plays Today
South Park Hint
Answer
% Correct
He dies in almost every episode before season 6
Kenny Mccormick
99.5%
He is overweight, has a light blue hat
Eric Cartman
99.1%
He is Jewish, has red hair
Kyle Broflovski
98.6%
He is Canadian and adopted by Jewish parents
Ike Broflovski
97.3%
She is Stan's girlfriend
Wendy
91.5%
Kenny's hair colour
Blonde
91.1%
He often gives the kids advice, he is a chef
Chef
90.8%
He is one of the only African Americans in South Park, friend of the boys
Token Black
90.4%
He is crippled, only able to say his name, one of his classmates' names, and a turkeys name
Timmy
90.4%
Stan's crazy dad
Randy Marsh
89.7%
Wendy's best friend
Bebe Stevens
86.7%
He is often a sidekick of Cartman, and very funny
Leopold 'Butters' Stotch
86%
South Park Hint
Answer
% Correct
He is the boys' homosexual teacher
Mr.Garrison
85.4%
He often gives people the middle finger, has a blue hat
Craig Tucker
84.7%
He is the guidance counsellor of South Park Elementary, always says 'M'kay'
Mr.Mackey
84.2%
They are two Canadians who have their own show
Terrance and Phillip
82.6%
He is a towel
Towelie
81%
He is the 'best looking boy in the class' in the episode 'The List'
Clyde Donovan
76.4%
He has black hair,blue hat, one of the main characters on the show
Stan Marsh
76%
He is British, gets killed in episode '201'
Pip Pirrup
70%
He pretends to be 'Mr.Jefferson' when he moves to South Park
Michael Jackson
69.6%
He is crippled, stutters a lot, uses crutches
Jimmy Valmer
50.1%
His life is saved by Timmy, he is a turkey
Gobbles
46.2%
He is very hyper and drinks a lot of coffee
Tweak Tweak
22.7%
Quiz Playlist
Details
Report
Send in Message
Add To Playlist
Classic:
Type in answers that appear in a list
Last Updated: Feb 16, 2017
Quiz Scoreboard
CHALLENGE
Sign Up to Join the Scoreboard
Show All
Scores
Hide
Comments
May contain spoilers
Recently Published
Holiday 10x10 Sorting Gallery
by lukepisani3
Holiday
15m
Two Season TV Shows II
by 123Four
Television
10m
Image Sorting: Flags VI
by Barbecue
Geography
2m
More to Explore
Quiz From the Vault
Featured Blog Post
14 Easter Pick-up Lines to Find Eggs With
hide this ad
You Might Also Like...
Tags
Animation Quiz
South Park Quiz
park
south
Today's Top Quizzes in Television
Browse Television
hide this ad
Today's Top Quizzes in Animation
Browse Animation
Top Contributed Quizzes in Television
1
Survivor Journey Challenge
2
Even More Two Season TV Shows
3
Adjectives in 00s TV Shows
4
Brooklyn Nine Nine Logic Puzzle (How-To-Play)
5
Adjectives in 10s TV Shows
6
Click the SpongeBob Episodes (Season 3)
7
Even More Three Season TV Shows
8
Survivor Logic Puzzle: Heroes vs. Villains
9
Total Drama Characters
10
Survivor Heroes vs. Villains Logic Puzzle
Explore More
Trending Topics
Harry Potter
Anime
NBA
Kpop
Crossword
Marvel
Disney
Puzzle
NFL
Soccer
Song
WWE
Country
The Office
Pokémon
hide this ad
More By:
ac44
Quiz
Plays
Rating
Category
Featured
Created
Beatles Figure Out The Lyrics
1,383
4.24
Music
Jun 5, 2011
Top 100 Baby Names For Boys in Ireland
954
4.60
Miscellaneous
Jun 9, 2011
South Park
437
1.67
Television
May 4, 2011
Rolling Stones' Top 30 Guitarists of All Time
270
3.00
Music
Jun 12, 2011
Most Populated Cities in the USA
229
3.67
Geography
May 3, 2011
Go to Creator's Profile
Score Distribution
Quiz Creator Spotlight
ac44
Follow
Send a Message
Quizzes Created
-
Created Quiz Play Count
-
More By This Creator
Popular Quizzes Today
1
Find the US States - No Outlines Minefield
2
Colored Red Africa Blitz
3
Find the 'City' Movie
4
The Countries of the World
5
5x2 Blitz: Bands
6
Find the Countries of Europe - No Outlines Minefield
7
Find the US States
8
US States
More Television Quizzes
Follow That Line: The Best of Gina Linetti (B99)
Curator's Pick
Trending Quizzes
Colored Red Europe Blitz I
Colored Red Africa Blitz II
Colored Red Europe Blitz II
Even More Two Season TV Shows
Colored Red Africa Blitz III
Recently Updated
Quick Pick: 20 Twenties
pecheneg
March Madness Men's Triple Doubles
pecheneg
How Do You Spell That?
pecheneg
Godzilla Movies
pecheneg
Grab Bag: 4-10 Letters
pecheneg
2024 March Madness Bracket
pecheneg
Famous TV Couples
Peacemaker
Champions League XIs: Real Madrid
pecheneg
Largest US Cities 1790-2010
pecheneg
Rides in Walt Disney World
pecheneg
Trending Topics
Disney
Crossword
Kpop
Harry Potter
Marvel
NBA
Anime
Country
Puzzle
Song
The Office
Soccer
NFL
Pokémon
WWE
Your Account Isn't Verified!
In order to create a playlist on Sporcle, you need to verify the email address you used during registration. Go to your
Sporcle Settings
to finish the process.
Report this User
Report this user for behavior that violates our
Community Guidelines
.
Details:
Send Report
Go to the Sporcle.com Mobile Site →
Comments